| 000 | 00602nam a2200193Ia 4500 | ||
|---|---|---|---|
| 003 | GCL | ||
| 008 | 140319s9999 xx 000 0 eng d | ||
| 020 | _a089781357X | ||
| 040 |
_aGCL / _cGCL |
||
| 082 | 0 | 4 |
_a976.885 _bS K |
| 100 | 1 | _aMOXLEY, CYNTHIA M. | |
| 245 | 1 | 0 |
_aKNOVXVILLE : _bA BICENTENNIAL PORTRAIT / _cMOXLEY, CYNTHIA M. |
| 260 |
_aنيويورك : _bWINDSOR PUBLICATIONS ، _c1990 |
||
| 300 |
_a30 CM ؛ _c174 P |
||
| 650 | 0 | 4 | _aKNOXVILLE ( TENN . ) - CIVLIZATION |
| 650 | 0 | 4 | _aKNOXVILLE ( TENN . ) - DESCRIPTION - VIEWS |
| 650 | 0 | 4 | _aKNOXVILLE ( TENN . ) - INDUSTRIES |
| 942 |
_2ddc _cBK |
||
| 999 |
_c9431 _d9431 |
||